000 01494nam a2200385 a 4500
001 000109395
003 CHAP
005 20220329144049.0
008 140424s2013 mx a sm |||||||spa d
010 _a105857
011 _a106829
040 _cCHAP
090 _aTesis
100 1 _aFelipe Ramírez, Agustín
_9126569
245 1 0 _aEfecto del nitrógeno sobre la incidencia de Puccinia striiformis f. sp. tritici Eriks y sus repercuciones en el rendimiento
_h[En línea]
_cpor Agustín Felipe Ramírez.
260 _aChapingo, Méx. :
_bEl autor,
_c2013.
500 _aPara ver el contenido del material haga clic en la liga
502 _aTesis (Ing. Agr. Esp. en Parasitología Agrícola) -- UACH. Departamento de Parasitología Agrícola
590 _aBATCH-UPD
_b05
_c20141002
_lUCH01
_h0901
590 _aE5995AHE
_b05
_c20140424
_lUCH01
_h0957
590 _aE5995AHE
_b05
_c20140424
_lUCH01
_h0957
590 _aE5995AHE
_b05
_c20140424
_lUCH01
_h1342
590 _aE5995AHE
_b05
_c20140424
_lUCH01
_h1342
590 _aE5995AHE
_b05
_c20140424
_lUCH01
_h1349
590 _aE5995AHE
_b05
_c20140424
_lUCH01
_h1351
650 1 4 _aFertilizantes para trigo.
_940641
650 1 4 _aNitrógeno
_xEfecto en trigo.
_981467
650 1 4 _aRoya de los cereales.
_9100379
650 1 4 _aTrigo
_xEnfermedades por hongos.
_9115018
650 1 4 _aTrigo
_xVariedades.
_9115119
856 _aFinding aid
_uhttp://10.13.5.2/tesis/sist109395.pdf
_zTeclea aquí
901 _aBK
942 _cTESIS
942 _n0
999 _c105857
_d105857